MARC

LEADER 00000nam0a2200000 4500
001 273764
005 20231101234648.0
035 |a (RuTPU)RU\TPU\book\296974 
090 |a 273764 
100 |a 20141029d1987 k y0rusy50 ca 
101 0 |a rus 
102 |a RU 
105 |a a z 101zy 
200 1 |a Пути технического перевооружения промышленного сборного железобетона  |e материалы семинара  |f Общество "Знание" РСФСР ; Московский Дом научно-технической пропаганды 
210 |a Москва  |c [Б. и.]  |d 1987 
215 |a 166 с.  |c ил. 
320 |a Библиография в конце статей 
606 1 |a Железобетонные изделия  |x Производство  |2 stltpush  |3 (RuTPU)RU\TPU\subj\35570 
610 1 |a сборный железобетон 
610 1 |a формование 
610 1 |a предприятия 
610 1 |a техническое перевооружение 
610 1 |a технологические линии 
610 1 |a автоматизированные роторные линии 
610 1 |a стеновые блоки 
610 1 |a арматуростроение 
610 1 |a механизация 
610 1 |a автоматизация 
610 1 |a тепловая обработка 
610 1 |a энергосберегающие методы 
610 1 |a качество 
610 1 |a управление 
610 1 |a семинары 
675 |a 666.982.013:658(063)  |v 3 
712 0 2 |a Общество "Знание" РСФСР  |c (Москва)  |2 stltpush  |3 (RuTPU)RU\TPU\col\7484 
712 0 2 |a Московский Дом научно-технической пропаганды  |2 stltpush  |3 (RuTPU)RU\TPU\col\7885  |9 24405 
712 1 2 |a Пути технического перевооружения промышленного сборного железобетона  |c семинар  |e [Москва]  |f [1987] 
801 1 |a RU  |b 63413507  |c 20141029 
801 2 |a RU  |b 63413507  |c 20170323  |g RCR 
942 |c BK